000 01111nam a22001937a 4500
003 JO-AjAnu
005 20250315095236.0
008 250310b jo ||||| |||| 00| 0 ara d
040 _aJO-AjAnu
_bara
_cJO-AjAnu
_dJO-AjAnu
_erda
050 _aK564
_b2025
100 1 _aنجادات، حاتم ايمن محمد
_eمعد
_966496
245 0 _aالمسؤولية الجزائية الناتجة عن استخدام الذكاء الاصطناعي = Criminal Liability Resulting from The Ues of Artificial Intelligence /
_cاعداد حاتم ايمن محمد نجادات ؛ اشراف أحمد عبدالكريم موسى الصرايرة
260 _c2025
300 _a102 ورقة
504 _aرسالة جامعية (رسالة ماجستير في القانون) - جامعة عجلون الوطنية، (عجلون، الاردن) - كلية الحقوق، قسم القانون، 2025
650 0 _aالذكاء الاصطناعي - قوانين وتشريعات.
_966497
700 1 _aالصرايرة، أحمد عبدالكريم موسى الصرايرة
_eمشرف
_966498
942 _2lcc
_cTHS
_n0
999 _c33889
_d33889